000 00715nam a2200241Ia 4500
008 200601s9999 xx 000 0 und d
020 _a971-8581-47-2
050 _aREF HM 1106
050 _b.S67 2003
100 _aSoriano, Oscar Gatchalian
245 0 _aManual on human behavior and crisis management /
245 0 _cOscar Gatchalian Soriano; edited by Ernie T. Bhagwani.
260 _aManila :
260 _bGreat Books Trading.
260 _c2003
300 _a177 pages :
300 _billustrations ;
300 _c22 cm.
500 _aIncludes bibliographical references.
650 _aCriminal behavior -- Handbooks, manuals, etc.
650 _aTerrorism.
650 _xCrisis management.
999 _c363364
_d363364